000 00415nam a2200157Ia 4500
008 220803s9999 xx 000 0 und d
041 _aeng
082 _a720 MER
100 _aMerani N V
_912485
245 _aSarvajanik Bandhkam Vibhag Nideshpustak : Bhumi Sampadan
250 _a10th
260 _aMumbai
_bGovernment Central Press
_c1983
300 _a28p
500 _aArchitecture
650 _aStandard
_912486
999 _c9984
_d9984